कला / (Record no. 118428)
[ view plain ]
| 000 -LEADER | |
|---|---|
| fixed length control field | 01010nam a22002657a 4500 |
| 005 - DATE AND TIME OF LATEST TRANSACTION | |
| control field | 20170124103113.0 |
| 010 ## - LIBRARY OF CONGRESS CONTROL NUMBER | |
| LC control number | A-105997 |
| 020 ## - INTERNATIONAL STANDARD BOOK NUMBER | |
| Terms of availability | 10.00 |
| 035 ## - SYSTEM CONTROL NUMBER | |
| System control number | A-105997 |
| 037 ## - SOURCE OF ACQUISITION | |
| Source of stock number/acquisition | Cen Lib/Ret |
| 040 ## - CATALOGING SOURCE | |
| Original cataloging agency | DPL |
| Language of cataloging | HN |
| 082 ## - DEWEY DECIMAL CLASSIFICATION NUMBER | |
| Classification number | उ |
| Item number | गुरुदत्त |
| 100 ## - MAIN ENTRY--PERSONAL NAME | |
| Personal name | गुरुदत्त |
| 9 (RLIN) | 80109 |
| 245 ## - TITLE STATEMENT | |
| Title | कला / |
| Statement of responsibility, etc | गुरुदत्त |
| 246 ## - VARYING FORM OF TITLE | |
| Title proper/short title | Kala / |
| Remainder of title | by Gurudutt |
| 260 ## - PUBLICATION, DISTRIBUTION, ETC. (IMPRINT) | |
| Place of publication, distribution, etc | नई दिल्ली |
| Name of publisher, distributor, etc | भारतीय साहित्य सदन |
| 270 ## - ADDRESS | |
| Address | 30/90 कनॉट सर्कस |
| City | नई दिल्ली |
| Postal code | 110001 |
| 300 ## - PHYSICAL DESCRIPTION | |
| Extent | 334पृ. |
| Dimensions | 17सेमी(सजिल्द) |
| 490 ## - SERIES STATEMENT | |
| Series statement | वृंदावनलाल वर्मा ग्रन्थमाला |
| Volume number/sequential designation | 12 |
| 650 ## - SUBJECT ADDED ENTRY--TOPICAL TERM | |
| Topical term or geographic name as entry element | साहित्य--उपन्यास |
| 9 (RLIN) | 80110 |
| 650 ## - SUBJECT ADDED ENTRY--TOPICAL TERM | |
| Topical term or geographic name as entry element | हिंदी उपन्यास |
| 9 (RLIN) | 80111 |
| 650 ## - SUBJECT ADDED ENTRY--TOPICAL TERM | |
| Topical term or geographic name as entry element | Literature--Novel |
| 9 (RLIN) | 80112 |
| 650 ## - SUBJECT ADDED ENTRY--TOPICAL TERM | |
| Topical term or geographic name as entry element | Hindi novel |
| 9 (RLIN) | 80113 |
| 942 ## - ADDED ENTRY ELEMENTS (KOHA) | |
| Source of classification or shelving scheme | Dewey Decimal Classification |
| Koha item type | Hindi Books |
| Classification part | उ |
| Call number suffix | गुरुदत्त |
| Withdrawn status | Lost status | Damaged status | Not for loan | Home library | Current library | Date acquired | Source of acquisition | Cost, normal purchase price | Total Checkouts | Total Renewals | Full call number | Barcode | Date last seen | Date checked out | Copy number | Cost, replacement price | Price effective from | Koha item type |
|---|---|---|---|---|---|---|---|---|---|---|---|---|---|---|---|---|---|---|
| Central Library | Central Library | 11/09/2015 | Cen Lib/Ret | 10.00 | 1 | 1 | उ गुरुदत्त | A-105997 | 23/09/2024 | 02/09/2024 | 1 | 10.00 | 11/09/2015 | Hindi Books |
